| 000 | 00353 a2200109 4500 | ||
|---|---|---|---|
| 001 | ART_4742 | ||
| 005 | 20260410161824.0 | ||
| 008 | 260409a | ||
| 245 | 1 | 0 | _aReexamen de la duración del tiempo de trabajo |
| 100 | 1 | _aPodetti, Humbero A. | |
| 773 | 0 |
_tRevista de trabajo _gTiempo de trabajo - Año 1, Nº 2 (may./jun. 1994) _wREV4713 |
|
| 999 |
_c22617 _d22617 |
||